Arrondissements d'AuRA sur une carte - Erreurs éliminatoires - Statistiques

Statistiques générales
  • Ce quiz a été pris 68 fois
  • Le résultat moyen est 24 sur 39
Réponses sur la Carte
Les réponses sont colorées sur une échelle allant du rouge au vert en fonction du pourcentage des utilisateurs qui les ont devinées à leur premier essai. Vous pouvez retrouver ces pourcentages ci-dessous.
 
Statistiques - réponses
Arrondissement % Correct
Roanne
77%
Bourg-en-Bresse
73%
Moulins
73%
Riom
73%
Saint-Étienne
73%
Albertville
68%
Aurillac
68%
Grenoble
68%
Le Puy-en-Velay
68%
Nantua
68%
Privas
68%
Yssingeaux
68%
Annecy
64%
Issoire
64%
La Tour-du-Pin
64%
Lyon
64%
Montbrison
64%
Valence
64%
Vienne
64%
Villefranche-sur-Saône
64%
Belley
59%
Brioude
59%
Chambéry
59%
Die
59%
Gex
59%
Montluçon
59%
Nyons
59%
Saint-Flour
59%
Saint-Jean-de-Maurienne
59%
Thonon-les-Bains
59%
Vichy
59%
Clermont-Ferrand
55%
Saint-Julien-en-Genevois
55%
Tournon-sur-Rhône
55%
Bonneville
50%
Largentière
50%
Mauriac
50%
Thiers
50%
Ambert
45%
Aucun quiz correspondant
Distribution des résultats
% des personnes avec chaque résultat
Percentile par nombre de réponses
Votre historique - résultats
Vous n’avez pas pris ce quiz